[Event "4NCL Division Four"]
[Site "Daventry, ENG"]
[Date "2023.03.26"]
[Round "8.86"]
[White "Lee, Xander"]
[Black "Tager, Maya"]
[Result "0-1"]
[WhiteElo "1292"]
[BlackElo "1150"]
[PlyCount "108"]
[EventDate "2023.03.26"]
[WhiteTeam "Barnet Knights C"]
[BlackTeam "She Plays to Win Young Stars"]

1. e4 e5 2. Nc3 d6 3. Bc4 Nf6 4. d3 Nbd7 5. f4 c6 6. Nf3 Qb6 7. Ng5 d5 8. exd5
cxd5 9. Nxd5 Qa5+ 10. Nc3 Bb4 11. Bxf7+ Kf8 12. Bd2 h6 13. a3 Bxc3 14. Bxc3 Qb6
15. fxe5 hxg5 16. exf6 Nxf6 17. Bxf6 Qxf6 18. Rf1 Qxb2 19. Rb1 Qc3+ 20. Qd2
Qe5+ 21. Qe2 Qc3+ 22. Kd1 g6 23. Bd5+ Kg7 24. Rf7+ Kh6 25. Bxb7 Rb8 26. Rb3
Qa1+ 27. Kd2 Bxb7 28. Rfxb7 Rbe8 29. Re7 Ref8 30. g4 Qd4 31. Qe3 Rf2+ 32. Ke1
Qxe3+ 33. Rxe3 Rxc2 34. Rb7 Rxh2 35. Rxa7 Rb8 36. Kf1 Rb1+ 37. Re1 Rh1+ 38. Kf2
Rhxe1 39. Kf3 Rb3 40. Kf2 Rd1 41. a4 Rdxd3 42. Ke2 Ra3 43. a5 Rd5 44. a6 Rd6
45. Kf1 Ra2 46. Ke1 Re6+ 47. Kf1 Ra1+ 48. Kf2 Rexa6 49. Re7 Rf6+ 50. Kg2 Ra2+
51. Kg1 Rff2 52. Rd7 Rg2+ 53. Kh1 Rxg4 54. Re7 Ra1+ 0-1

[Event "4NCL Division Four"]
[Site "Daventry, ENG"]
[Date "2023.03.26"]
[Round "8.91"]
[White "Horwood, Alexander"]
[Black "Wasilak, Piotr"]
[Result "1/2-1/2"]
[WhiteElo "1219"]
[BlackElo "1976"]
[PlyCount "77"]
[EventDate "2023.03.26"]
[WhiteTeam "Cambridge University Y1"]
[BlackTeam "Iceni 2"]

1. e4 e6 2. d4 d5 3. Nd2 Nf6 4. e5 Nfd7 5. Ne2 c5 6. c3 Nc6 7. Nf3 Be7 8. g3 a6
9. a4 b6 10. Bg2 Bb7 11. O-O O-O 12. Be3 Rc8 13. Rc1 Na5 14. b3 Nc6 15. Qd2
cxd4 16. cxd4 Bb4 17. Qd1 Na5 18. Rxc8 Qxc8 19. Bd2 Bxd2 20. Nxd2 Nc6 21. Qc1
Nb4 22. Qxc8 Rxc8 23. Rc1 Rxc1+ 24. Nxc1 Nc6 25. Nf3 Ndb8 26. Bf1 a5 27. Bb5
Na6 28. Nd3 Nab4 29. Nxb4 Nxb4 30. Kf1 Kf8 31. Ke2 Ke7 32. Kd2 Nc6 33. Kc3 h6
34. h4 h5 35. Kb2 Nb4 36. Kc3 Nc6 37. Kb2 Nb4 38. Kc3 Nc6 39. Kb2 1/2-1/2

[Event "4NCL Division Four"]
[Site "Daventry, ENG"]
[Date "2023.03.26"]
[Round "8.92"]
[White "Ruthen, Stephen W"]
[Black "Wang, Xiling"]
[Result "1-0"]
[WhiteElo "1882"]
[BlackElo "1205"]
[PlyCount "77"]
[EventDate "2023.03.26"]
[WhiteTeam "Iceni 2"]
[BlackTeam "Cambridge University Y1"]

1. c4 e6 2. g3 c5 3. Bg2 Nc6 4. Nf3 Bd6 5. Nc3 Bc7 6. O-O Nge7 7. d4 cxd4 8.
Nxd4 O-O 9. e4 Bb6 10. Ndb5 a6 11. Nd6 Bc5 12. e5 Bxd6 13. exd6 Ng6 14. b3 Qa5
15. Bb2 f5 16. f4 Qc5+ 17. Kh1 Qe3 18. Re1 Qc5 19. Na4 Qa7 20. c5 Rf7 21. Nb6
Rb8 22. Qd2 h6 23. Rac1 Kf8 24. Bf3 Kg8 25. b4 Kh7 26. Bh5 Nd8 27. h3 Nc6 28.
a3 Rf8 29. Re2 Nh8 30. Rg1 g6 31. Bf3 Nf7 32. Qc3 Rg8 33. Qf6 Nh8 34. g4 g5 35.
gxf5 Nd8 36. fxg5 hxg5 37. Rxg5 Ndf7 38. Rh5+ Nh6 39. Rxh6# 1-0

[Event "4NCL Division Four"]
[Site "Daventry, ENG"]
[Date "2023.03.26"]
[Round "8.93"]
[White "Santosh Kumar, Darsh"]
[Black "Reynolds, D Ian W"]
[Result "0-1"]
[WhiteElo "1215"]
[BlackElo "1919"]
[PlyCount "110"]
[EventDate "2023.03.26"]
[WhiteTeam "Cambridge University Y1"]
[BlackTeam "Iceni 2"]

1. Nf3 Nf6 2. g3 g6 3. Bg2 Bg7 4. O-O O-O 5. d3 d5 6. Nbd2 c6 7. a4 Nbd7 8. c3
Re8 9. d4 Qc7 10. b4 e5 11. dxe5 Nxe5 12. Bb2 Bg4 13. Qc2 Rad8 14. Rac1 Qe7 15.
Nxe5 Qxe5 16. e3 Qh5 17. h4 Qe5 18. c4 Qe7 19. cxd5 Nxd5 20. Bxg7 Kxg7 21. Bxd5
Rxd5 22. Qc3+ f6 23. Nb3 Bh3 24. Nd4 Qe4 25. f3 Qxe3+ 26. Qxe3 Rxe3 27. Rfd1
Bd7 28. b5 Kf7 29. bxc6 bxc6 30. Kf2 Ra3 31. Ne2 Rxd1 32. Rxd1 Be6 33. Rd6 Bd5
34. Rd7+ Ke6 35. Rxa7 Rxf3+ 36. Ke1 Ra3 37. Nf4+ Kf5 38. Nxd5 cxd5 39. a5 Kg4
40. a6 Kxg3 41. Ra8 Kxh4 42. a7 h5 43. Kd1 g5 44. Kc2 f5 45. Kb2 Ra6 46. Kb3 f4
47. Kb4 f3 48. Kb5 Ra1 49. Kb6 g4 50. Rb8 g3 51. a8=Q Rxa8 52. Rxa8 f2 53. Rf8
g2 54. Rxf2 g1=Q 55. Kc6 Qxf2 0-1

[Event "4NCL Division Four"]
[Site "Daventry, ENG"]
[Date "2023.03.26"]
[Round "8.94"]
[White "Lovell, Steve"]
[Black "Sharma, Reyansh"]
[Result "1-0"]
[WhiteElo "1861"]
[BlackElo "1000"]
[PlyCount "41"]
[EventDate "2023.03.26"]
[WhiteTeam "Iceni 2"]
[BlackTeam "Cambridge University Y1"]

1. e4 e5 2. Nf3 Nf6 3. Nc3 Bc5 4. Nxe5 d6 5. Nf3 Ng4 6. d4 Bb4 7. h3 Bxc3+ 8.
bxc3 Nf6 9. Bd3 O-O 10. O-O Nc6 11. Bg5 h6 12. Bh4 Qd7 13. Bxf6 gxf6 14. Qd2 d5
15. Qxh6 Qe6 16. exd5 Re8 17. dxe6 fxe6 18. Bh7+ Kf7 19. Bg6+ Kg8 20. Qh7+ Kf8
21. Qf7# 1-0

[Event "4NCL Division Four"]
[Site "Daventry, ENG"]
[Date "2023.03.26"]
[Round "8.95"]
[White "Patel-Davis, Riyan"]
[Black "Kenning, Paul H"]
[Result "0-1"]
[WhiteElo "832"]
[BlackElo "1843"]
[PlyCount "94"]
[EventDate "2023.03.26"]
[WhiteTeam "Cambridge University Y1"]
[BlackTeam "Iceni 2"]

1. e4 e6 2. d4 d5 3. e5 c5 4. Bb5+ Bd7 5. Nc3 Nc6 6. Nf3 cxd4 7. Nxd4 Nxe5 8.
O-O Nf6 9. Re1 Ng6 10. a4 Be7 11. Rb1 O-O 12. Bg5 a6 13. Bd3 Rc8 14. Bxg6 hxg6
15. Re3 Nh5 16. h4 Bxg5 17. hxg5 Qxg5 18. Rh3 Rc4 19. b3 Rc7 20. Qc1 Qxc1+ 21.
Rxc1 Rfc8 22. Nde2 Nf6 23. f3 e5 24. Kf2 Bxh3 25. gxh3 d4 26. Ne4 Nxe4+ 27.
fxe4 d3 28. Ng1 Rxc2+ 29. Rxc2 dxc2 30. Ne2 c1=Q 31. Nxc1 Rxc1 32. h4 Rb1 33.
Kg3 Rxb3+ 34. Kg4 b5 35. axb5 a5 36. b6 a4 37. b7 a3 38. b8=Q+ Rxb8 39. h5
gxh5+ 40. Kxh5 a2 41. Kg5 a1=Q 42. Kf5 g6+ 43. Kg5 Qc1+ 44. Kh4 Qf4+ 45. Kh3
Rb3+ 46. Kg2 Qd2+ 47. Kf1 Rb1# 0-1

[Event "4NCL Division Four"]
[Site "Daventry, ENG"]
[Date "2023.03.26"]
[Round "8.96"]
[White "Feavyour, John A"]
[Black "Wang, Luoling"]
[Result "1-0"]
[WhiteElo "1831"]
[BlackElo "500"]
[PlyCount "25"]
[EventDate "2023.03.26"]
[WhiteTeam "Iceni 2"]
[BlackTeam "Cambridge University Y1"]

1. d4 d5 2. c4 Nc6 3. Nf3 f6 4. cxd5 Nb4 5. Qa4+ Bd7 6. Qxb4 e5 7. Qb3 g6 8.
dxe5 fxe5 9. Nxe5 Ba4 10. Qxa4+ b5 11. Qxb5+ c6 12. Qxc6+ Ke7 13. Qe6# 1-0

[Event "4NCL Division Four"]
[Site "Daventry, ENG"]
[Date "2023.03.26"]
[Round "8.101"]
[White "Michaud, Gerald"]
[Black "Phillips, William"]
[Result "1/2-1/2"]
[WhiteElo "1884"]
[BlackElo "1809"]
[PlyCount "98"]
[EventDate "2023.03.26"]
[WhiteTeam "Sussex Martlets 3"]
[BlackTeam "Cambridge University 3"]

1. d4 Nf6 2. Nf3 e6 3. Bf4 d5 4. e3 Be7 5. c4 Nh5 6. Bg3 Nxg3 7. hxg3 Nd7 8.
Nbd2 Nf6 9. Bd3 b6 10. cxd5 exd5 11. Ne5 O-O 12. Nc6 Qd6 13. Nxe7+ Qxe7 14. Qc2
g6 15. Rc1 Bd7 16. O-O c6 17. Nf3 Ng4 18. Rfe1 Rac8 19. Ba6 Rc7 20. e4 dxe4 21.
Rxe4 Qd6 22. Qe2 Bf5 23. Re8 Be6 24. Rxf8+ Qxf8 25. a3 h5 26. Ne5 Qd6 27. Nxg4
Bxg4 28. Qe5 Qxe5 29. dxe5 Kf8 30. f3 Be6 31. Kf2 c5 32. Rd1 Rd7 33. Rxd7 Bxd7
34. Ke3 Ke7 35. Kf4 f6 36. exf6+ Kxf6 37. Bc4 Bc6 38. Ke3 g5 39. Bd3 b5 40. Be4
Bd7 41. f4 gxf4+ 42. gxf4 h4 43. Kf3 a5 44. g4 hxg3 45. Kxg3 b4 46. Kf3 c4 47.
axb4 axb4 48. Ke3 c3 49. bxc3 bxc3 1/2-1/2

[Event "4NCL Division Four"]
[Site "Daventry, ENG"]
[Date "2023.03.26"]
[Round "8.102"]
[White "Sartain, Patrick"]
[Black "Finn, Thomas"]
[Result "0-1"]
[WhiteElo "1426"]
[BlackElo "1942"]
[PlyCount "96"]
[EventDate "2023.03.26"]
[WhiteTeam "Cambridge University 3"]
[BlackTeam "Sussex Martlets 3"]

1. e4 e5 2. Nf3 Nc6 3. Bc4 Bc5 4. c3 Nf6 5. b4 Bb6 6. d3 d6 7. h3 Be6 8. Bxe6
fxe6 9. O-O O-O 10. a4 a5 11. b5 Ne7 12. Nbd2 Ng6 13. Nc4 Nf4 14. Nxb6 cxb6 15.
Kh2 Qc7 16. c4 d5 17. Ba3 dxe4 18. dxe4 Rfd8 19. Qc2 Rd3 20. Bb2 Nxe4 21. Bxe5
Qf7 22. Ng1 Rad8 23. Rad1 Nc5 24. g3 Ng6 25. Rxd3 Rxd3 26. Bb2 e5 27. Re1 e4
28. Bc1 Ne5 29. Be3 Nxc4 30. Bxc5 Rd2 31. Qxe4 bxc5 32. Qe8+ Qxe8 33. Rxe8+ Kf7
34. Re2 Rxe2 35. Nxe2 Nb2 36. Nc3 Ke6 37. f4 c4 38. Kg2 Kd6 39. g4 Kc5 40. f5
h6 41. h4 Kd4 42. g5 hxg5 43. hxg5 Kxc3 44. f6 gxf6 45. gxf6 Nd3 46. Kf3 Kd4
47. Kg4 Ne5+ 48. Kf5 c3 0-1

[Event "4NCL Division Four"]
[Site "Daventry, ENG"]
[Date "2023.03.26"]
[Round "8.103"]
[White "Finn, Daniel"]
[Black "Kumar, Santosh"]
[Result "1-0"]
[WhiteElo "1820"]
[BlackElo "1400"]
[PlyCount "79"]
[EventDate "2023.03.26"]
[WhiteTeam "Sussex Martlets 3"]
[BlackTeam "Cambridge University 3"]

1. d4 Nc6 2. Nf3 d5 3. Bg5 h6 4. Bh4 g5 5. Bg3 Nf6 6. e3 Bg4 7. h3 Bh5 8. c4 e6
9. Nc3 Bd6 10. Bxd6 Qxd6 11. c5 Bxf3 12. Qxf3 Qe7 13. Bb5 O-O-O 14. Bxc6 bxc6
15. a4 Kd7 16. Qe2 Ke8 17. Qa6 Rb8 18. Qxc6+ Qd7 19. Qa6 c6 20. Rb1 Qb7 21.
Qxb7 Rxb7 22. b4 a6 23. b5 Kd7 24. Ke2 Ra7 25. b6 Rb7 26. a5 Ne4 27. Nxe4 dxe4
28. f3 exf3+ 29. gxf3 f6 30. h4 Rh7 31. hxg5 fxg5 32. Rbg1 Kc8 33. f4 gxf4 34.
exf4 Rbf7 35. Ke3 Rfg7 36. Rxg7 Rxg7 37. Rxh6 Re7 38. Ke4 Kd7 39. Rh8 Rf7 40.
Ra8 1-0

[Event "4NCL Division Four"]
[Site "Daventry, ENG"]
[Date "2023.03.26"]
[Round "8.104"]
[White "Goldsmith, Jennifer"]
[Black "Finn, Elizabeth"]
[Result "0-1"]
[WhiteElo "1288"]
[BlackElo "1720"]
[PlyCount "72"]
[EventDate "2023.03.26"]
[WhiteTeam "Cambridge University 3"]
[BlackTeam "Sussex Martlets 3"]

1. c4 e5 2. Nc3 Nc6 3. e4 Bc5 4. Nf3 Nf6 5. h3 d6 6. a3 a6 7. d3 Be6 8. b4 Bd4
9. Nxd4 Nxd4 10. Bb2 b5 11. Ne2 c5 12. Nxd4 exd4 13. Qc2 bxc4 14. dxc4 O-O 15.
Bd3 h6 16. O-O Nh5 17. f4 Qh4 18. f5 Bd7 19. Qd2 Bc6 20. Rae1 Rfe8 21. e5 dxe5
22. bxc5 e4 23. Be2 d3 24. Bg4 Nf6 25. Bd1 Qg5 26. Re3 Rab8 27. Bc1 Nd7 28. Qc3
Qf6 29. Qxf6 Nxf6 30. Rg3 Kh7 31. Kh2 Rb1 32. Be3 Reb8 33. Rg1 Bd7 34. Bg4 Rxg1
35. Bxg1 Nxg4+ 36. hxg4 d2 0-1

[Event "4NCL Division Four"]
[Site "Daventry, ENG"]
[Date "2023.03.26"]
[Round "8.105"]
[White "Neale, George"]
[Black "Sharma, Rajeev"]
[Result "1-0"]
[WhiteElo "1746"]
[BlackElo "1250"]
[PlyCount "53"]
[EventDate "2023.03.26"]
[WhiteTeam "Sussex Martlets 3"]
[BlackTeam "Cambridge University 3"]

1. d4 e6 2. c4 b6 3. Nc3 Nf6 4. Nf3 Nc6 5. Bg5 Bb4 6. a3 Bxc3+ 7. bxc3 h6 8.
Bh4 O-O 9. e4 Qe8 10. Bxf6 gxf6 11. Nh4 Ne7 12. Qf3 f5 13. exf5 Rb8 14. f6 Ng6
15. Qh5 Kh7 16. g4 Nxh4 17. Qxh4 Rh8 18. g5 Qf8 19. Qh5 Kg8 20. Rg1 Qd6 21.
gxh6+ Kf8 22. Qg5 Ke8 23. Qg7 Qf8 24. h7 Kd8 25. Qxh8 Qxh8 26. Rg8+ Qxg8 27.
hxg8=R# 1-0

[Event "4NCL Division Four"]
[Site "Daventry, ENG"]
[Date "2023.03.26"]
[Round "8.106"]
[White "Horwood, Julian"]
[Black "Woods, Timothy J"]
[Result "0-1"]
[WhiteElo "1000"]
[BlackElo "1683"]
[PlyCount "85"]
[EventDate "2023.03.26"]
[WhiteTeam "Cambridge University 3"]
[BlackTeam "Sussex Martlets 3"]

1. f4 d6 2. Nf3 g6 3. b3 Bg7 4. d4 c5 5. e3 Nf6 6. h3 O-O 7. g4 cxd4 8. g5 Nh5
9. Nxd4 e5 10. fxe5 Qxg5 11. exd6 Qg3+ 12. Ke2 Qxd6 13. Ba3 Qf6 14. Bxf8 Ng3+
15. Kd3 Nxh1 16. Bxg7 Nf2+ 17. Kd2 Kxg7 18. Qf3 Qxf3 19. Nxf3 Bxh3 20. Bxh3
Nxh3 21. b4 Nc6 22. Kc3 Nf2 23. Nbd2 Ng4 24. Rg1 Nxe3 25. b5 Ne7 26. Re1 N3f5
27. Rxe7 Nxe7 28. a4 Rc8+ 29. Kd3 h5 30. Ke2 Rxc2 31. Kd3 Ra2 32. Nc4 Rxa4 33.
Nd6 Ra5 34. b6 axb6 35. Kc3 Ra3+ 36. Kb2 Rxf3 37. Kc2 Ng8 38. Kd2 h4 39. Ke2
Rf6 40. Kd3 h3 41. Kd4 h2 42. Kd5 h1=Q+ 43. Kd4 0-1

[Event "4NCL Division Four"]
[Site "Daventry, ENG"]
[Date "2023.03.26"]
[Round "8.111"]
[White "Hilton, Tim"]
[Black "Peck, Silas"]
[Result "1-0"]
[WhiteElo "1974"]
[BlackElo "2065"]
[PlyCount "55"]
[EventDate "2023.03.26"]
[WhiteTeam "Average Wood Pushers B"]
[BlackTeam "Anglian Avengers 2"]

1. e4 e5 2. Nf3 Nc6 3. Bc4 Bc5 4. O-O Nf6 5. d4 Bxd4 6. Nxd4 Nxd4 7. Bg5 b5 8.
f4 Qe7 9. Nc3 c6 10. fxe5 Qxe5 11. Bf4 Nf3+ 12. Qxf3 Qc5+ 13. Be3 Qxc4 14. e5
Ng4 15. Ne4 Nxe5 16. Qf4 Ng6 17. Nd6+ Ke7 18. Qg3 Qxc2 19. Rxf7+ Kd8 20. Bg5+
Kc7 21. Rc1 Qa4 22. Nxb5+ Kb7 23. Qc7+ Ka6 24. Rxc6+ dxc6 25. Qxc6+ Ka5 26.
Bd2+ Qb4 27. Bxb4+ Kxb4 28. a3+ 1-0

[Event "4NCL Division Four"]
[Site "Daventry, ENG"]
[Date "2023.03.26"]
[Round "8.112"]
[White "Sheerin, Alex"]
[Black "Doherty, Paul"]
[Result "1/2-1/2"]
[WhiteElo "1925"]
[BlackElo "1853"]
[PlyCount "110"]
[EventDate "2023.03.26"]
[WhiteTeam "Anglian Avengers 2"]
[BlackTeam "Average Wood Pushers B"]

1. d4 d6 2. Bf4 f5 3. c4 Nf6 4. Nc3 e6 5. Nf3 Be7 6. Qc2 O-O 7. e4 fxe4 8. Nxe4
Nxe4 9. Qxe4 d5 10. Qe3 Nc6 11. a3 Na5 12. Ne5 Bd7 13. Bd3 Qe8 14. Qh3 g6 15.
Qg3 Kg7 16. h4 dxc4 17. Bc2 Nc6 18. Nxc6 Bxc6 19. h5 Rxf4 20. Qxf4 g5 21. h6+
Kg8 22. Qg4 Qf7 23. f4 Kh8 24. O-O gxf4 25. Rxf4 Qg8 26. Qh3 Be8 27. Raf1 Bg6
28. Bxg6 Qxg6 29. Rf7 Bd6 30. R7f6 Qe4 31. Qc3 Rg8 32. R1f3 Qh4 33. Rf2 Bg3 34.
d5 Qh2+ 35. Kf1 e5 36. Qf3 Bxf2 37. Qxf2 Qh1+ 38. Qg1 Qh5 39. Qf2 Qd1+ 40. Qe1
Qxd5 41. Qe2 b5 42. Rf5 Qd3 43. Qxd3 cxd3 44. Rxe5 c6 45. Ke1 Rxg2 46. Re8+ Rg8
47. Re7 a6 48. Kd2 Rd8 49. Rc7 Kg8 50. Rg7+ Kf8 51. Rxh7 Rd6 52. Ra7 Rxh6 53.
Kxd3 Rh2 54. Kc3 Rh3+ 55. Kd4 Rb3 1/2-1/2

[Event "4NCL Division Four"]
[Site "Daventry, ENG"]
[Date "2023.03.26"]
[Round "8.113"]
[White "Wilding, Robin IR"]
[Black "Slonczuk, Pawel"]
[Result "0-1"]
[WhiteElo "1825"]
[BlackElo "1701"]
[PlyCount "102"]
[EventDate "2023.03.26"]
[WhiteTeam "Average Wood Pushers B"]
[BlackTeam "Anglian Avengers 2"]

1. e4 c5 2. Nc3 Nc6 3. Bb5 Nd4 4. a4 a6 5. Bc4 e6 6. f4 g6 7. Nf3 Bg7 8. e5 Ne7
9. Ne4 Nef5 10. c3 Nxf3+ 11. Qxf3 d5 12. exd6 Nxd6 13. Nxd6+ Qxd6 14. O-O O-O
15. d3 Rb8 16. Bb3 Bd7 17. h4 Bc6 18. Qe2 Rbd8 19. Bc2 h5 20. Be3 Rc8 21. Rad1
Rfd8 22. Qf2 Be8 23. Qf3 Qe7 24. Qf2 Qc7 25. Qe2 b5 26. axb5 axb5 27. Qf2 b4
28. cxb4 cxb4 29. Bb1 Bb5 30. Rc1 Qd6 31. Rxc8 Rxc8 32. Rd1 Ba4 33. Rc1 Rxc1+
34. Bxc1 Qd4 35. Qxd4 Bxd4+ 36. Kf1 b3 37. Ke2 Bc6 38. g3 Kg7 39. Be3 Bxb2 40.
d4 Bd7 41. Kd2 Kf6 42. Bd3 Bc6 43. Bc4 Bd5 44. Bd3 Ke7 45. Be2 Kd6 46. Kd3 Kc6
47. Bd1 Kb5 48. g4 hxg4 49. Bxg4 f5 50. Bd1 Be4+ 51. Ke2 Kc4 0-1

[Event "4NCL Division Four"]
[Site "Daventry, ENG"]
[Date "2023.03.26"]
[Round "8.114"]
[White "Ferris, Oliver"]
[Black "Burgess, Dan"]
[Result "1-0"]
[WhiteElo "1496"]
[BlackElo "1519"]
[PlyCount "69"]
[EventDate "2023.03.26"]
[WhiteTeam "Anglian Avengers 2"]
[BlackTeam "Average Wood Pushers B"]

1. e4 c5 2. Nf3 d6 3. Nc3 Nf6 4. Bc4 e6 5. O-O Be7 6. d4 cxd4 7. Nxd4 a6 8. Be3
b5 9. Bd3 Bb7 10. a3 Nc6 11. Qe2 Nxd4 12. Bxd4 O-O 13. Rad1 e5 14. Be3 Qd7 15.
f4 Qg4 16. Qf2 exf4 17. Bxf4 Rac8 18. Nd5 Bxd5 19. exd5 Rc5 20. Be2 Qf5 21. Bd3
Qg4 22. h3 Qc8 23. Qf3 Bd8 24. c3 Bb6 25. Be3 Qb7 26. Bxc5 Bxc5+ 27. Kh1 a5 28.
Qg3 Nxd5 29. Be4 Qc7 30. Bxd5 b4 31. cxb4 axb4 32. axb4 Bxb4 33. Rc1 Qa7 34.
Qf4 g6 35. Qxb4 1-0

[Event "4NCL Division Four"]
[Site "Daventry, ENG"]
[Date "2023.03.26"]
[Round "8.115"]
[White "Altoft, Harry"]
[Black "Walker, Heather Enid"]
[Result "1-0"]
[WhiteElo "1457"]
[BlackElo "1277"]
[PlyCount "63"]
[EventDate "2023.03.26"]
[WhiteTeam "Average Wood Pushers B"]
[BlackTeam "Anglian Avengers 2"]

1. c4 e5 2. Nc3 Nf6 3. g3 d5 4. cxd5 Nxd5 5. Bg2 c6 6. Nf3 Nxc3 7. bxc3 e4 8.
Ne5 Qe7 9. d4 Nd7 10. Nxd7 Bxd7 11. Rb1 Bf5 12. e3 b6 13. c4 Rd8 14. d5 Qc5 15.
Qa4 Qa5+ 16. Qxa5 bxa5 17. Bd2 cxd5 18. Bxa5 Ra8 19. Rb5 Bd6 20. Rxd5 Rb8 21.
Rxd6 Rb1+ 22. Kd2 Rb2+ 23. Kc3 Rb8 24. Rhd1 O-O 25. R1d4 Rfe8 26. Rd8 Kf8 27.
Bb4+ Rxb4 28. Rxe8+ Kxe8 29. Kxb4 g6 30. Bxe4 Be6 31. Bc6+ Ke7 32. a4 1-0

[Event "4NCL Division Four"]
[Site "Daventry, ENG"]
[Date "2023.03.26"]
[Round "8.116"]
[White "Korchagina, Polina"]
[Black "Kilmartin, David"]
[Result "1-0"]
[WhiteElo "1171"]
[BlackElo "1438"]
[PlyCount "43"]
[EventDate "2023.03.26"]
[WhiteTeam "Anglian Avengers 2"]
[BlackTeam "Average Wood Pushers B"]

1. e4 e6 2. d4 d5 3. exd5 exd5 4. Bd3 Nc6 5. c3 Bd6 6. Qf3 Nge7 7. Ne2 Be6 8.
Bf4 Bxf4 9. Nxf4 Bf5 10. Bxf5 Nxf5 11. Nxd5 Nd6 12. Nd2 O-O 13. O-O Qd7 14.
Rfe1 Rfe8 15. Qg3 Qd8 16. Rxe8+ Nxe8 17. Ne3 Nd6 18. Re1 Qf6 19. Nd5 Qd8 20.
Qe3 Qd7 21. Qg5 Ne8 22. Rxe8+ 1-0

[Event "4NCL Division Four"]
[Site "Daventry, ENG"]
[Date "2023.03.26"]
[Round "8.121"]
[White "Hill, Maurice J"]
[Black "Dairi, Ramsey"]
[Result "1/2-1/2"]
[WhiteElo "1763"]
[BlackElo "1543"]
[PlyCount "46"]
[EventDate "2023.03.26"]
[WhiteTeam "Ashfield 3"]
[BlackTeam "Watford B"]

1. g3 f5 2. Nf3 e6 3. Bg2 Nf6 4. d3 Be7 5. O-O O-O 6. c4 d6 7. Nc3 e5 8. e4
fxe4 9. dxe4 Be6 10. Qd3 Nbd7 11. Ng5 Bg4 12. f3 Nc5 13. Qc2 Bd7 14. Nh3 Ne6
15. Be3 c5 16. f4 Ng4 17. Qd2 Nd4 18. Bxd4 cxd4 19. Nd5 Rc8 20. Rac1 Qe8 21.
Nf2 Nxf2 22. Rxf2 b6 23. b3 h6 1/2-1/2

[Event "4NCL Division Four"]
[Site "Daventry, ENG"]
[Date "2023.03.26"]
[Round "8.122"]
[White "Joseph, Tomy"]
[Black "Bentley, Alex"]
[Result "0-1"]
[WhiteElo "1541"]
[BlackElo "1742"]
[PlyCount "48"]
[EventDate "2023.03.26"]
[WhiteTeam "Watford B"]
[BlackTeam "Ashfield 3"]

1. d4 Nf6 2. c4 c5 3. d5 e6 4. Nc3 exd5 5. cxd5 d6 6. e4 g6 7. f4 Bg7 8. Bb5+
Nfd7 9. a4 O-O 10. Nf3 Na6 11. Bxa6 bxa6 12. O-O Rb8 13. Qc2 Re8 14. Nd2 Rb4
15. b3 Nf6 16. Rb1 Ng4 17. Nc4 Bd4+ 18. Kh1 Qh4 19. g3 Qh3 20. Bb2 Rxc4 21.
bxc4 Ne3 22. Qe2 Bg4 23. Rf3 Qh5 24. Rbf1 Nxf1 0-1

[Event "4NCL Division Four"]
[Site "Daventry, ENG"]
[Date "2023.03.26"]
[Round "8.123"]
[White "Taylor, Robert P"]
[Black "Tomy, Jake"]
[Result "1-0"]
[WhiteElo "1741"]
[BlackElo "1310"]
[PlyCount "53"]
[EventDate "2023.03.26"]
[WhiteTeam "Ashfield 3"]
[BlackTeam "Watford B"]

1. d4 d5 2. Nf3 c5 3. c3 Nc6 4. e3 Nf6 5. Bd3 e6 6. Nbd2 Be7 7. O-O O-O 8. Re1
b6 9. Qe2 c4 10. Bc2 Bb7 11. e4 dxe4 12. Nxe4 b5 13. Bf4 Re8 14. Rad1 Rc8 15.
Nxf6+ Bxf6 16. Qe4 g6 17. Bh6 b4 18. Qf4 bxc3 19. bxc3 Bg7 20. Ne5 Nxe5 21.
dxe5 Bxh6 22. Qxh6 Qa5 23. Re3 Qxa2 24. Rh3 Qxc2 25. Qxh7+ Kf8 26. Qh8+ Ke7 27.
Qf6+ 1-0

[Event "4NCL Division Four"]
[Site "Daventry, ENG"]
[Date "2023.03.26"]
[Round "8.124"]
[White "Tomy, Judith"]
[Black "London, Nick J"]
[Result "0-1"]
[WhiteElo "1211"]
[BlackElo "1798"]
[PlyCount "52"]
[EventDate "2023.03.26"]
[WhiteTeam "Watford B"]
[BlackTeam "Ashfield 3"]

1. e4 c5 2. Nf3 e6 3. c3 d5 4. e5 Nc6 5. d4 Qb6 6. Bd3 Bd7 7. O-O Rc8 8. dxc5
Bxc5 9. b4 Be7 10. Be3 Qc7 11. Nbd2 f6 12. exf6 Nxf6 13. Rc1 e5 14. Bb5 O-O 15.
a3 e4 16. Nd4 Ng4 17. Re1 Qxh2+ 18. Kf1 Qh1+ 19. Ke2 Qxg2 20. Rf1 Nxe3 21. Kxe3
Bg5+ 22. Ke2 Nxd4+ 23. Ke1 Bg4 24. Qa4 Bxd2+ 25. Kxd2 Rxf2+ 26. Ke3 Nf5# 0-1

[Event "4NCL Division Four"]
[Site "Daventry, ENG"]
[Date "2023.03.26"]
[Round "8.125"]
[White "Willoughby, Robert H"]
[Black "Dairi, Mahmoud"]
[Result "1-0"]
[WhiteElo "1613"]
[BlackElo "1303"]
[PlyCount "75"]
[EventDate "2023.03.26"]
[WhiteTeam "Ashfield 3"]
[BlackTeam "Watford B"]

1. d4 f5 2. e4 fxe4 3. Nc3 Nf6 4. Bg5 g6 5. h4 h5 6. Bxf6 exf6 7. Nxe4 Qe7 8.
Qe2 Bg7 9. O-O-O O-O 10. Qc4+ Kh7 11. Bd3 d5 12. Qxd5 Nc6 13. Ng3 f5 14. Nf3
Nb4 15. Qb3 Be6 16. Qxe6 Qxe6 17. Ng5+ Kh8 18. Nxe6 Rf6 19. Nxg7 Kxg7 20. a3
Nc6 21. c3 a5 22. a4 Na7 23. Rhe1 Rb8 24. Re7+ Rf7 25. Rxf7+ Kxf7 26. Ne2 b5
27. axb5 Nxb5 28. Bxb5 Rxb5 29. Nf4 a4 30. Re1 a3 31. bxa3 Rb3 32. Kc2 Rxa3 33.
Kd3 Ra2 34. Re2 Ra1 35. Nd5 c6 36. Nb4 c5 37. dxc5 Rd1+ 38. Kc4 1-0

[Event "4NCL Division Four"]
[Site "Daventry, ENG"]
[Date "2023.03.26"]
[Round "8.126"]
[White "Dairi, Daniella"]
[Black "Fraser, Chris"]
[Result "0-1"]
[WhiteElo "700"]
[BlackElo "1546"]
[PlyCount "80"]
[EventDate "2023.03.26"]
[WhiteTeam "Watford B"]
[BlackTeam "Ashfield 3"]

1. e4 c5 2. Nc3 g6 3. Bc4 Bg7 4. Nd5 e6 5. Nf4 Nc6 6. Bb5 Nge7 7. Bxc6 Nxc6 8.
Nge2 d5 9. d3 O-O 10. Be3 d4 11. Bd2 b6 12. c3 e5 13. Nh3 Bxh3 14. g3 Na5 15.
Qa4 Nb7 16. Qc6 Na5 17. Qa4 Qe8 18. Qa3 Qe7 19. O-O-O Nc6 20. Qa4 Rfc8 21. Qa6
Na5 22. Qb5 Qb7 23. c4 Bd7 24. Qxd7 Qxd7 25. Bxa5 bxa5 26. f4 exf4 27. Nxf4 Bh6
28. h4 Bxf4+ 29. gxf4 h5 30. Rhg1 Kh7 31. f5 gxf5 32. exf5 Rg8 33. Rge1 Qxf5
34. Rf1 Qd7 35. Rf6 Rg6 36. Rf4 a4 37. Rdf1 Rf8 38. Rf5 Qe7 39. Rxh5+ Rh6 40.
Kd1 Rxh5 0-1

[Event "4NCL Division Four"]
[Site "Daventry, ENG"]
[Date "2023.03.26"]
[Round "8.131"]
[White "O'Byrne, Daniel"]
[Black "MacLeod, Alasdair"]
[Result "1/2-1/2"]
[WhiteElo "1698"]
[BlackElo "1823"]
[PlyCount "38"]
[EventDate "2023.03.26"]
[WhiteTeam "War and Piece B"]
[BlackTeam "Deaf England"]

1. d4 Nf6 2. e3 g6 3. Bd3 Bg7 4. f4 d6 5. Nf3 Nbd7 6. O-O O-O 7. c3 c6 8. e4 e5
9. fxe5 dxe5 10. Bg5 h6 11. Bh4 Qb6 12. Qd2 Nh5 13. Bf2 Qc7 14. Be3 Kh7 15. Na3
b6 16. d5 a5 17. c4 cxd5 18. cxd5 Qd6 19. Rac1 Bb7 1/2-1/2

[Event "4NCL Division Four"]
[Site "Daventry, ENG"]
[Date "2023.03.26"]
[Round "8.132"]
[White "David, Barry A H"]
[Black "Chapman, Chas"]
[Result "1-0"]
[WhiteElo "1667"]
[BlackElo "1514"]
[PlyCount "71"]
[EventDate "2023.03.26"]
[WhiteTeam "Deaf England"]
[BlackTeam "War and Piece B"]

1. e4 c5 2. Nf3 g6 3. d4 cxd4 4. Nxd4 Bg7 5. Be2 Nf6 6. Nc3 Nc6 7. f3 d5 8.
Nxc6 bxc6 9. e5 Nd7 10. f4 O-O 11. Be3 e6 12. O-O f6 13. exf6 Bxf6 14. Bd4 a5
15. Bg4 Nb6 16. b3 Bxd4+ 17. Qxd4 Qf6 18. Qxf6 Rxf6 19. Rae1 Bd7 20. a4 Raf8
21. g3 e5 22. Bxd7 Nxd7 23. Ne2 e4 24. Nd4 Nb8 25. h4 h6 26. Re3 g5 27. hxg5
hxg5 28. f5 c5 29. Ne6 Rc8 30. Nxg5 Nd7 31. g4 Ne5 32. Rg3 Kg7 33. Rd1 Nxg4 34.
Rxg4 Rxf5 35. Nxe4+ Kf8 36. Nd6 1-0